| 000 | 01668nam a22002537a 4500 | ||
|---|---|---|---|
| 999 |
_c62107 _d62107 |
||
| 003 | Ge_BSU | ||
| 005 | 20240711161711.0 | ||
| 008 | 240711s2023 ge ||||| |||| 00| 0 geo d | ||
| 041 | _ageo | ||
| 080 | _a615.2 დ-22 | ||
| 100 |
_aდარნობიდი, ჯესიკა ა. _922808 |
||
| 110 |
_eავტორი. _922811 |
||
| 245 |
_aკლინიკური კორელაციები / _cჯესიკა ა. დარნობიდი ; თარგმანის ავტორები: გიგი გორგაძე, ანა ახვლედიანი, ბორის ბენდელიანი ; თარგმანის რედაქტორი ლუიზა გაბუნია ; დიზაინერი და დამკაბადონებელი ზაზა გელაშვილი. |
||
| 250 | _a მე-3 გამოცემა. | ||
| 264 |
_aთბილისი, _c2023. |
||
| 300 |
_a124 გვ. ; _b20,5 სმ. |
||
| 500 | _aთავფურცელზე აგრეთვე: ფარმაკოლოგია: საერთაშორისო მიდგომები ფარმაკოლოგიაში. | ||
| 501 | _aიბეჭდება MCGrawHill Education-ის ნებართვით. | ||
| 653 | _aფარმაკოლოგია. | ||
| 653 | _aმედიცინა | ||
| 700 |
_a გორგაძე, გიგი _eთარგმნის ვატორი _922812 |
||
| 700 |
_aახვლედიანი, ანა _eთარგმნის და სხვ _922813 |
||
| 942 |
_2udc _cᲬᲘᲒᲜᲘ |
||